Statistics for 2020 Year in Review

Click here to take the quiz!

General Stats

  • This quiz has been taken 23,543 times
  • The average score is 11 of 18

Answer Stats

HintAnswer% Correct
First city to have a major coronavirus outbreakWuhan
93%
Prime Minister of the U.K. who got coronavirusBoris Johnson
88%
Couple who dropped their Royal Highness titles and moved to California,
in an event dubbed "Megxit"
Prince Harry and
Meghan Markle
82%
China and Nepal agree that this is exactly 8,848.86m in elevationMount Everest
81%
Video conferencing company which reached a market cap of over $100 billionZoom
78%
Mysterious dictator who disappeared for three weeks, leading to rumors of his demiseKim Jong-un
77%
Place in the United States which recorded the highest temperature ever reliably
recorded on Earth, 130 °F (54.4 °C)
Death Valley
67%
Middle East city in which a storehouse of ammonium nitrate exploded with a force
of about 1/10th of the Hiroshima bombing
Beirut
65%
Bond actor who died at the age of 90Sean Connery
62%
Spaniard who won his 20th tennis Grand Slam titleRafael Nadal
61%
Commodity which traded at a negative price for the first time in historyCrude oil
58%
Chinese river basin which experienced major floodingYangtze
49%
Cruise ship that was the site of an early coronavirus outbreakDiamond {Princess}
48%
President of Brazil who got coronavirusJair Bolsonaro
48%
City whose "one country, two systems" rights were once again eroded by the
passage of a new security law
Hong Kong
46%
Istanbul museum, formerly a church, which was turned into a mosqueHagia Sophia
45%
Disease declared eradicated in Nigeria, meaning it can now only
be found in Afghanistan and Pakistan
Polio
41%
Island chain in the Pacific which voted NOT to become independent from FranceNew Caledonia
24%

Score Distribution

Percentile by Number Answered

Percent of People with Each Score

Your Score History

You have not taken this quiz